Sports Quiz

Random Sports or Rugby Quiz

International Rugby XVs: Argentina Quiz Stats

 Plays Quiz not verified by Sporcle

Challenge
Share
Tweet
Embed
Score 0/300 Timer 15:00
1 Play Today
Hint Answer % Correct
2016Juan Martín Hernández
93.5%
2015Juan Martín Hernández
93.2%
2014Juan Martín Hernández
93%
2013Juan Martín Hernández
93%
2012Juan Martín Hernández
93%
2008Juan Martín Hernández
93%
2007Juan Martín Hernández
93%
2006Juan Martín Hernández
93%
2003Juan Martín Hernández
93%
2012Juan Martín Fernández Lobbe
87.8%
2011Juan Martín Fernández Lobbe
87.8%
2010Juan Martín Fernández Lobbe
87.8%
2009Juan Martín Fernández Lobbe
87.8%
2008Juan Martín Fernández Lobbe
87.8%
2007Juan Martín Fernández Lobbe
87.8%
2007Ignacio Fernández Lobbe
87.8%
2006Juan Martín Fernández Lobbe
87.8%
2006Ignacio Fernández Lobbe
87.8%
2005Ignacio Fernández Lobbe
87.8%
2003Ignacio Fernández Lobbe
87.8%
2002Ignacio Fernández Lobbe
87.8%
2001Ignacio Fernández Lobbe
87.8%
2000Ignacio Fernández Lobbe
87.8%
1999Ignacio Fernández Lobbe
87.8%
1998Ignacio Fernández Lobbe
87.8%
2015Juan Martín Fernández Lobbe
87.8%
2016Nicolás Sánchez
86%
2017Nicolás Sánchez
85.4%
2015Nicolás Sánchez
85.4%
2014Nicolás Sánchez
84.9%
2013Nicolás Sánchez
84.9%
2007Agustín Pichot
83.6%
2006Agustín Pichot
83.6%
2005Agustín Pichot
83.6%
2004Agustín Pichot
83.6%
2002Agustín Pichot
83.6%
2001Agustín Pichot
83.6%
2000Agustín Pichot
83.6%
1999Agustín Pichot
83.6%
1998Agustín Pichot
83.6%
2016Agustín Creevy
81.7%
2017Agustín Creevy
81%
2015Agustín Creevy
80.6%
2013Felipe Contepomi
80.3%
2011Felipe Contepomi
80.3%
2010Felipe Contepomi
80.3%
2008Felipe Contepomi
80.3%
2007Manuel Contepomi
80.3%
2007Felipe Contepomi
80.3%
2006Felipe Contepomi
80.3%
2005Manuel Contepomi
80.3%
2005Felipe Contepomi
80.3%
2004Manuel Contepomi
80.3%
2004Felipe Contepomi
80.3%
2003Felipe Contepomi
80.3%
2002Felipe Contepomi
80.3%
2001Felipe Contepomi
80.3%
1999Manuel Contepomi
80.3%
1998Manuel Contepomi
80.3%
2014Agustín Creevy
79.3%
2011Mario Ledesma
74.1%
2010Mario Ledesma
74.1%
2009Mario Ledesma
74.1%
2008Mario Ledesma
74.1%
2007Mario Ledesma
74.1%
2006Mario Ledesma
74.1%
2005Mario Ledesma
74.1%
2003Mario Ledesma
74.1%
1999Mario Ledesma
74.1%
2013Juan Manuel Leguizamón
73.1%
2012Juan Manuel Leguizamón
73.1%
2011Juan Manuel Leguizamón
73.1%
2008Juan Manuel Leguizamón
73.1%
2007Juan Manuel Leguizamón
73.1%
2005Juan Manuel Leguizamón
73.1%
2017Juan Manuel Leguizamón
71.5%
2005Juan Martín Hernández
70.2%
2012Santiago Fernández
68.3%
2011Santiago Fernández
68.3%
2010Santiago Fernández
68.3%
2009Santiago Fernández
68.3%
2016Joaquín Tuculet
67.7%
2017Joaquín Tuculet
67.2%
2015Joaquín Tuculet
66.6%
2015Juan Imhoff
66.4%
2016Santiago Cordero
66.3%
2013Juan Imhoff
65.8%
2015Santiago Cordero
65.7%
2014Joaquín Tuculet
65.6%
2017Martín Landajo
65%
2016Martín Landajo
64.9%
2015Marcos Ayerza
64%
2014Marcos Ayerza
63.8%
2013Marcos Ayerza
63.8%
2015Martín Landajo
63.8%
2014Martín Landajo
62.9%
2013Martín Landajo
62.9%
2012Martín Landajo
62.9%
2012Rodrigo Roncero
62.7%
2011Rodrigo Roncero
62.7%
Hint Answer % Correct
2010Rodrigo Roncero
62.7%
2009Rodrigo Roncero
62.7%
2008Rodrigo Roncero
62.7%
2007Rodrigo Roncero
62.7%
2005Rodrigo Roncero
62.7%
2004Rodrigo Roncero
62.7%
2006Marcos Ayerza
62.3%
2016Ramiro Herrera
61.2%
2011Patricio Albacete
59.6%
2010Patricio Albacete
59.6%
2009Patricio Albacete
59.6%
2008Patricio Albacete
59.6%
2007Patricio Albacete
59.6%
2004Patricio Albacete
59.6%
2003Patricio Albacete
59.6%
2015Ramiro Herrera
59.2%
2014Marcelo Bosch
59%
2013Marcelo Bosch
59%
2012Marcelo Bosch
59%
2011Marcelo Bosch
59%
2016Facundo Isa
58.7%
2014Ramiro Herrera
58.6%
2015Facundo Isa
57.9%
2017Pablo Matera
57.7%
2013Patricio Albacete
53.4%
2015Pablo Matera
51.7%
2013Pablo Matera
51.3%
2016Pablo Matera
51.1%
2013Horacio Agulla
49.9%
2012Horacio Agulla
49.9%
2011Horacio Agulla
49.9%
2010Horacio Agulla
49.9%
2009Horacio Agulla
49.9%
2008Horacio Agulla
49.9%
2007Horacio Agulla
49.9%
2007Ignacio Corleto
49.7%
2002Ignacio Corleto
49.7%
2000Ignacio Corleto
49.7%
2017Tomás Lavanini
49.6%
2014Tomás Lavanini
47%
2015Tomás Lavanini
46.9%
2014Leonardo Senatore
46.4%
2005Gonzalo Longo
45.3%
2012Leonardo Senatore
44.8%
2017Emiliano Boffelli
44.5%
2016Javier Ortega Desio
44.1%
2015Guido Petti Pagadizábal
42.8%
2011Martín Rodríguez
42.7%
2010Martín Rodríguez
42.7%
2009Martín Rodríguez
42.7%
2014Javier Ortega Desio
42.2%
2016Guido Petti Pagadizábal
41.9%
2017Matías Orlando
41.6%
2016Matías Moroni
41%
2003Rolando Martín
41%
2002Rolando Martín
41%
2001Rolando Martín
41%
2000Rolando Martín
41%
1999Rolando Martín
41%
1998Rolando Martín
41%
2015Matías Moroni
40.6%
2017Jerónimo de la Fuente
40.1%
2017Matías Moroni
40.1%
2004Federico Méndez
38.5%
2002Federico Méndez
38.5%
2001Federico Méndez
38.5%
2000Gonzalo Quesada
38.5%
2000Federico Méndez
38.5%
1999Gonzalo Quesada
38.5%
1998Federico Méndez
38.5%
2014Lucas González Amorosino
38.3%
2012Lucas González Amorosino
38.3%
2010Lucas González Amorosino
38.3%
2005Omar Hasan
37.9%
2004Omar Hasan
37.9%
2002Omar Hasan
37.9%
2001Omar Hasan
37.9%
1998Omar Hasan
37.9%
2010Martín Scelzo
37.7%
2009Martín Scelzo
37.7%
2007Martín Scelzo
37.7%
2006Martín Scelzo
37.7%
2003Martín Scelzo
37.7%
2000Martín Scelzo
37.7%
2014Manuel Montero
37.3%
2012Juan Figallo
34.6%
2011Juan Figallo
34.6%
2012Manuel Carizza
34.2%
2011Manuel Carizza
34.2%
2010Manuel Carizza
34.2%
2009Manuel Carizza
34.2%
2017Matías Alemanno
33.6%
2016Matías Orlando
33.4%
2003José Orengo
33.1%
2017Nahuel Tetaz Chaparro
32.8%
2009Lucas Borges
31.3%
2007Lucas Borges
31.3%
2006Lucas Borges
31.3%
2004Lucas Borges
31.3%
2010Gonzalo Tiesi
30.8%
Hint Answer % Correct
2009Gonzalo Tiesi
30.8%
2008Gonzalo Tiesi
30.8%
2006Gonzalo Tiesi
30.8%
2016Matías Alemanno
30.1%
2006Gonzalo Longo
29.4%
2004Gonzalo Longo
29.4%
2002Gonzalo Longo
29.4%
2001Gonzalo Longo
29.4%
2000Gonzalo Longo
29.4%
1999Gonzalo Longo
29.4%
2017Lucas Noguera Paz
29.2%
2017Tomás Lezana
29.2%
2003Diego Albanese
29.2%
2002Diego Albanese
29.2%
2001Diego Albanese
29.2%
2000Diego Albanese
29.2%
1999Diego Albanese
29.2%
1998Diego Albanese
29.2%
2002Lisandro Arbizu
28.6%
2001Lisandro Arbizu
28.6%
2000Lisandro Arbizu
28.6%
1999Lisandro Arbizu
28.6%
1998Lisandro Arbizu
28.6%
2014Mariano Galarza
28%
2013Mariano Galarza
28%
2007Gonzalo Longo
27.1%
2012Gonzalo Camacho
26.9%
2011Gonzalo Camacho
26.9%
2009Gonzalo Camacho
26.9%
2003Santiago Phelan
26.9%
2002Santiago Phelan
26.9%
2001Santiago Phelan
26.9%
2000Santiago Phelan
26.9%
1999Santiago Phelan
26.9%
2003Nicolás Fernández Miranda
26.7%
2010Alejandro Campos
26.5%
2003Roberto Grau
26.5%
2000Roberto Grau
26.5%
1999Roberto Grau
26.5%
2008Rimas Álvarez Kairelis
26.3%
2002Rimas Álvarez Kairelis
26.3%
2001Rimas Álvarez Kairelis
26.3%
2006Rimas Álvarez Kairelis
26.1%
2016Nahuel Tetaz Chaparro
25.6%
2008Juan Pablo Orlandi
24.6%
1998Pedro Sporleder
24.2%
2011Nicolás Vergallo
23.2%
2010Nicolás Vergallo
23.2%
2008Nicolás Vergallo
23.2%
2006Federico Todeschini
23.2%
2005Federico Todeschini
23.2%
2013Eusebio Guiñazú
21.9%
2012Eusebio Guiñazú
21.9%
2002Mauricio Reggiardo
21.1%
2001Mauricio Reggiardo
21.1%
1999Mauricio Reggiardo
21.1%
1998Mauricio Reggiardo
21.1%
2006José Nuñez Piossek
19.9%
2004José Nuñez Piossek
19.9%
2003José Nuñez Piossek
19.9%
2004Hernán Senillosa
19.5%
2003Hernán Senillosa
19.5%
2013Julio Farías Cabello
18.6%
2012Julio Farías Cabello
18.6%
2011Julio Farías Cabello
18.6%
2013Maximiliano Bustos
18.4%
2008Martín Durand
18.2%
2006Martín Durand
18.2%
2005Martín Durand
18.2%
2004Martín Durand
18.2%
2003Lucas Ostiglia
17.6%
1998Miguel Ruiz
16.6%
2004Lucas Ostiglia
15.3%
2002José Orengo
15.3%
2001José Orengo
15.3%
2000José Orengo
15.3%
1998José Orengo
15.3%
2008Federico Martín Aramburú
14.9%
2005Federico Martín Aramburú
14.9%
2004Federico Martín Aramburú
14.9%
2000Alejandro Allub
14.9%
1999Alejandro Allub
14.9%
1998Alejandro Allub
14.9%
2005Pablo Bouza
13.9%
2004Pablo Bouza
13.9%
1999Eduardo Simone
13.9%
1998Eduardo Simone
13.9%
2002Gonzalo Camardón
13.7%
2001Gonzalo Camardón
13.7%
2014Rodrigo Báez
13%
2009Alfredo Lalanne
12.6%
2000Octavio Bartolucci
12.4%
1999Octavio Bartolucci
12.4%
2009Tomás Leonardi
11.6%
2010Genaro Fessia
11.4%
1998Facundo Soler
10.1%
2005Francisco Leonelli
9.5%
2008Bernardo Stortoni
8.5%
2001Bernardo Stortoni
8.5%
2009Alejandro Abadie
5.8%

You're not logged in!

Compare scores with friends on all Sporcle quizzes.
Join for Free
OR
Log In

You Might Also Like...

Show Comments

Extras

Top Quizzes Today


Score Distribution

Your Account Isn't Verified!

In order to create a playlist on Sporcle, you need to verify the email address you used during registration. Go to your Sporcle Settings to finish the process.

Report this User

Report this user for behavior that violates our Community Guidelines.

Details: